000 00289nam a22001337a 4500
008 181009b xxu||||| |||| 00| 0 eng d
020 _a9780323008433
041 _aeng
080 _a612.39
100 _a10
101 _aNUT
245 _aNutritional Care
_cMoore, M.C
942 _2udc
_cBK
999 _c49180
_d49180